[Event "WJun"]
[Site "Nakhchivan AZE"]
[Date "2003.06.29"]
[Round "9"]
[White "Kuparadze,G"]
[Black "Schneider,Dm"]
[Result "1/2-1/2"]
[WhiteElo "2227"]
[BlackElo "2424"]
[EventDate "2003.06.22"]

1. e4 e6 2. d4 d5 3. Nd2 c5 4. Ngf3 cxd4 5. Nxd4 Nc6 6. Nxc6 bxc6 7. Bd3
Nf6 8. O-O Be7 9. Qe2 a5 10. exd5 cxd5 11. Nf3 O-O 12. Ne5 Bb7 13. Bg5 Ne8
14. Qh5 g6 15. Bxe7 Qxe7 16. Qh6 f6 17. Ng4 Qg7 18. Qe3 e5 19. f4 e4 20.
Be2 h5 21. Nf2 Nd6 22. Qb6 Nf5 23. c3 Rfd8 24. Rfe1 Kh7 25. Nd1 Rd6 26. Qf2
Rad8 27. Ne3 Nxe3 28. Qxe3 f5 29. Qd4 Qxd4+ 30. cxd4 Rc6 31. Kf2 Rc2 32.
Ke3 Rdc8 33. Rab1 Kh6 34. h4 R8c6 35. Bb5 Rc8 36. Re2 Rxe2+ 37. Bxe2 Rc2
38. a4 Bc6 39. b4 axb4 40. Rxb4 Ra2 41. Bb5 Bb7 42. Be2 Bc6 43. Bb5 Bb7 44.
Be2 1/2-1/2

[Event "WJun"]
[Site "Nakhchivan AZE"]
[Date "2003.06.29"]
[Round "9"]
[White "Mamedov,Rau"]
[Black "Deepan,C"]
[Result "1-0"]
[WhiteElo "2330"]
[BlackElo "2379"]
[EventDate "2003.06.22"]

1. e4 c5 2. Nf3 Nc6 3. Nc3 e6 4. d4 cxd4 5. Nxd4 a6 6. Be3 Qc7 7. Be2 d6 8.
O-O Nf6 9. f4 Be7 10. Kh1 Bd7 11. Qe1 O-O 12. Qg3 b5 13. a3 Rfc8 14. Bf3
Rab8 15. Rad1 Bf8 16. Nxc6 Bxc6 17. e5 Bxf3 18. Qxf3 Ne8 19. Bd4 Qb7 20.
Ne4 Rxc2 21. f5 exf5 22. Qxf5 dxe5 23. Bxe5 g6 24. Qf3 Rcc8 25. Nf6+ 1-0

[Event "WJun"]
[Site "Nakhchivan AZE"]
[Date "2003.06.29"]
[Round "9"]
[White "Mahesh Chandran,P"]
[Black "Arun Prasad,S"]
[Result "1-0"]
[WhiteElo "2419"]
[BlackElo "2275"]
[EventDate "2003.06.22"]

1. e4 c5 2. Nf3 d6 3. d4 cxd4 4. Nxd4 Nf6 5. Nc3 a6 6. f4 Qc7 7. a4 g6 8.
Be2 Bg7 9. Be3 Nc6 10. O-O O-O 11. Kh1 Nb4 12. a5 Bd7 13. Bf3 Rac8 14. Nb3
Bc6 15. Qd2 Qb8 16. Ne2 Nxc2 17. Qxc2 Bxe4 18. Qd2 Bxf3 19. Rxf3 Qc7 20.
Nc3 Qc4 21. Qd1 Rfe8 22. Bg1 Qc7 23. Rd3 Qc4 24. Ra4 Qc7 25. Nd2 Qd7 26.
Nc4 Qf5 27. Ne3 Qh5 28. Qxh5 Nxh5 29. Ned5 Nf6 30. Nxf6+ Bxf6 31. Rb4 Bxc3
32. Rxc3 Rxc3 33. bxc3 Rb8 34. Ba7 Rc8 35. Rxb7 Rxc3 36. Rb8+ 1-0

[Event "WJun"]
[Site "Nakhchivan AZE"]
[Date "2003.06.29"]
[Round "9"]
[White "Jatautis,D"]
[Black "Hanley,C"]
[Result "1-0"]
[WhiteElo "2149"]
[BlackElo "2375"]
[EventDate "2003.06.22"]

1. e4 e6 2. Qe2 c5 3. Nf3 Nc6 4. g3 g6 5. Bg2 Bg7 6. O-O Nge7 7. d3 d6 8.
Nbd2 h6 9. a4 b6 10. Nc4 O-O 11. e5 dxe5 12. Nfxe5 Bb7 13. c3 a6 14. Be3
Nd5 15. Nxc6 Bxc6 16. a5 b5 17. Nb6 Rb8 18. Bxc5 Re8 19. c4 Nxb6 20. Bxc6
Na4 21. Bb4 Nxb2 22. cxb5 Qxd3 23. Qxd3 Nxd3 24. Rab1 axb5 25. Bxe8 Rxe8
26. Rfd1 Nb2 27. Rd2 Na4 28. Ra2 Rd8 29. Bd2 Rd5 30. a6 Bd4 31. Rxb5 Rxb5
32. Rxa4 Ba7 33. Be3 Bxe3 34. fxe3 Rb8 35. Kf2 Kf8 36. a7 Ra8 37. Kf3 Ke7
38. Ke4 g5 39. g4 Kf6 40. Kd4 Kg6 41. Kc5 Kg7 42. Kd6 f5 43. Kc7 fxg4 44.
Kb7 Rxa7+ 45. Rxa7 Kg6 46. Kc6 h5 47. Kd6 Kf5 48. Ra5+ Kf6 49. Re5 h4 50.
Rxe6+ Kf5 51. Re5+ Kf6 52. Ra5 g3 53. hxg3 hxg3 54. e4 g4 55. e5+ 1-0

[Event "WJun"]
[Site "Nakhchivan AZE"]
[Date "2003.06.29"]
[Round "9"]
[White "Safarli,E"]
[Black "Rohit,G"]
[Result "0-1"]
[WhiteElo "2201"]
[BlackElo "2357"]
[EventDate "2003.06.22"]

1. e4 c5 2. Nf3 d6 3. d4 cxd4 4. Nxd4 Nf6 5. Nc3 Nc6 6. Nde2 e6 7. g3 Be7
8. Bg2 O-O 9. O-O Bd7 10. h3 Qb8 11. g4 Rd8 12. Ng3 Be8 13. f4 d5 14. e5
Nd7 15. g5 b5 16. Nh5 Bf8 17. Ne2 Qb6+ 18. Kh1 Rac8 19. b3 Nc5 20. Be3 Qb8
21. Neg3 Nd7 22. a3 a6 23. Qg4 Ne7 24. Rf2 Qc7 25. Bd4 Ng6 26. h4 Bc5 27.
Bxc5 Qxc5 28. Rd1 Qd4 29. Bh3 Rc7 30. Nf6+ gxf6 31. gxf6 Ndxe5 32. Qg5 Nd7
33. Nh5 Qc5 34. Bxe6 fxe6 35. f7+ Bxf7 36. Qxd8+ Ndf8 37. f5 exf5 38. Rxf5
Qe7 39. Nf6+ Kh8 40. Qxe7 Nxe7 41. Rf2 Nfg6 42. h5 Ne5 43. h6 Rc6 44. Kg1
Re6 45. Rdd2 Ng8 46. Nxd5 Rg6+ 47. Kh1 Rxh6+ 48. Kg1 Rg6+ 49. Kh1 Rd6 50.
Rd1 Bh5 0-1

[Event "WJun"]
[Site "Nakhchivan AZE"]
[Date "2003.06.29"]
[Round "9"]
[White "Kozak,L"]
[Black "Murariu,A"]
[Result "1/2-1/2"]
[WhiteElo "2178"]
[BlackElo "2347"]
[EventDate "2003.06.22"]

1. d4 f5 2. g3 Nf6 3. Bg2 g6 4. c4 Bg7 5. Nc3 d6 6. d5 O-O 7. Nf3 c6 8. O-O
Qe8 9. Nd4 Bd7 10. Rb1 Na6 11. dxc6 bxc6 12. b4 Rc8 13. Nf3 Nc7 14. Qb3 Kh8
15. Rd1 Rb8 16. Qa3 a6 17. e3 Qf7 18. c5 d5 19. Bb2 Ne4 20. Na4 Be8 21.
Bxg7+ Qxg7 22. Qb2 Nb5 23. Rd3 g5 24. Qxg7+ Kxg7 25. Ne5 g4 26. Nb6 Rb7 27.
Rc1 Kf6 28. f4 gxf3 29. Nxf3 e5 30. a4 Nc7 31. Nd2 Nxd2 32. Rxd2 Ke6 33.
Bh3 Bg6 34. Rf1 Na8 35. a5 e4 36. Rdf2 Rbf7 37. g4 Nc7 38. gxf5+ Bxf5 39.
Rxf5 Rxf5 40. Nc8 Ke5 41. Rxf5+ Rxf5 42. Bxf5 Kxf5 43. Ne7+ Ke6 44. Nxc6
Nb5 45. Nb8 d4 46. exd4 Kd5 47. Kf2 Kxd4 48. c6 Kc3 49. Ke3 Kxb4 50. Nxa6+
Kxa5 51. c7 Nd6 52. Nc5 Kb6 53. Nxe4 Kxc7 54. Nf6 Kd8 55. Nxh7 Ke7 1/2-1/2

[Event "WJun"]
[Site "Nakhchivan AZE"]
[Date "2003.06.29"]
[Round "9"]
[White "Esplana,C"]
[Black "Gashimov,S"]
[Result "1-0"]
[WhiteElo "2367"]
[BlackElo "2317"]
[EventDate "2003.06.22"]

1. e4 d5 2. exd5 Qxd5 3. Nc3 Qa5 4. d4 e5 5. dxe5 Nc6 6. Bb5 Bd7 7. Bd2
O-O-O 8. e6 fxe6 9. Nf3 a6 10. Be2 Qh5 11. O-O Nf6 12. Ng5 Qe8 13. Re1 Nd4
14. Bd3 Bc6 15. a3 h6 16. Nge4 Nb3 17. Rb1 Nc5 18. Nxc5 Bxc5 19. Be3 Bd6
20. Qe2 e5 21. Bf5+ Kb8 22. f3 Rf8 23. b4 e4 24. Nxe4 Nxe4 25. Bxe4 Bxe4
26. fxe4 Qe5 27. g3 g5 28. c4 c6 29. Rbd1 Bc7 30. Bf2 Rde8 31. a4 Qe6 32.
b5 cxb5 33. axb5 axb5 34. c5 Qc6 35. Rb1 Ba5 36. Rec1 b4 37. Qa2 Qxe4 38.
Re1 Qf5 39. Rf1 Qd3 40. Ra1 b6 41. cxb6 Rxf2 42. Qxf2 Qb5 43. Kh1 Bxb6 44.
Qf3 Ba5 45. Rab1 Rc8 46. Rfd1 Qb7 47. Qxb7+ Kxb7 48. Rd5 Kb6 49. Kg2 g4 50.
Rb2 Rc5 51. Rd4 h5 52. Kf2 Kb5 53. Ke3 Rf5 54. Ke4 Rc5 55. Rd5 Rxd5 56.
Kxd5 Bd8 57. Rb1 h4 58. gxh4 Bxh4 59. Kd4 Bf2+ 60. Ke4 g3 61. Kf3 gxh2 62.
Kxf2 Kc4 63. Ke3 Kc3 64. Rc1+ Kb2 65. Rh1 Kc3 66. Rc1+ Kb2 67. Kd2 b3 68.
Rh1 Ka2 69. Kc3 b2 70. Kc2 1-0

[Event "WJun"]
[Site "Nakhchivan AZE"]
[Date "2003.06.29"]
[Round "9"]
[White "Geirnaert,S"]
[Black "Olsson,L"]
[Result "1-0"]
[WhiteElo "2289"]
[BlackElo "2252"]
[EventDate "2003.06.22"]

1. e4 c5 2. Nf3 d6 3. d4 cxd4 4. Nxd4 Nf6 5. Nc3 a6 6. f4 Qc7 7. a4 g6 8.
Bd3 Bg7 9. Nf3 Nbd7 10. O-O b6 11. Qe1 Bb7 12. Kh1 e6 13. Qh4 O-O 14. f5
Rae8 15. Bh6 Qc5 16. Ng5 Qb4 17. fxe6 fxe6 18. Bxg7 Kxg7 19. Qh3 Qxb2 20.
Bc4 d5 21. Rfb1 Qxc2 22. Ra2 Qxb1+ 23. Nxb1 dxc4 24. Nxe6+ Rxe6 25. Qxe6
Re8 26. Qd6 Rxe4 27. Qd1 Nc5 28. Re2 Rxe2 29. Qxe2 Bd5 30. Nc3 Bf7 31. Qb2
b5 32. axb5 axb5 33. Nxb5 Nce4 34. Kg1 Be6 35. Qe5 Bf7 36. g4 h6 37. h4 g5
38. h5 c3 39. Nxc3 Nxc3 40. Qxc3 Be6 41. Qd3 Bf7 42. Qf5 Ng8 43. Kf2 Nf6
44. Qe5 Be8 45. Ke3 Kf7 46. Qf5 Ke7 47. Kd4 Bd7 48. Qg6 Bxg4 49. Qxh6 Bxh5
50. Qxg5 Ke6 51. Qe3+ Kf7 52. Qb3+ Ke7 53. Qb4+ Ke6 54. Qc5 Bg4 55. Qc6+
Kf5 56. Qc5+ Kg6 57. Ke3 Be6 58. Kf4 Kf7 59. Qg5 Nd7 60. Qd8 Nf6 61. Ke5
Ng4+ 62. Kd6 Bf5 63. Qg5 Bc8 64. Qe7+ Kg6 65. Qe8+ Kg5 66. Qxc8 1-0

[Event "WJun"]
[Site "Nakhchivan AZE"]
[Date "2003.06.29"]
[Round "9"]
[White "Agayev,N"]
[Black "Gupta,A"]
[Result "1/2-1/2"]
[WhiteElo "2116"]
[BlackElo "2335"]
[EventDate "2003.06.22"]

1. Nf3 Nf6 2. c4 c6 3. d4 d5 4. cxd5 cxd5 5. Nc3 Nc6 6. Bf4 a6 7. e3 Qb6 8.
Rb1 Bg4 9. Be2 e6 10. O-O Bb4 11. a3 Be7 12. Ne5 Bxe2 13. Nxe2 O-O 14. Nxc6
bxc6 15. Nc3 Rfc8 16. Bg5 Rab8 17. Bxf6 Bxf6 18. Na4 Qb5 19. Nc5 Be7 20. b4
Bxc5 21. bxc5 Qa5 22. Qd3 Rb5 23. g3 Qa4 24. Rb4 Rxb4 25. axb4 Rb8 26. Rb1
f5 27. Qd1 Qb5 28. Ra1 Qxb4 29. Rxa6 Qb5 30. Ra7 g6 31. Kg2 Rb7 1/2-1/2

[Event "WJun"]
[Site "Nakhchivan AZE"]
[Date "2003.06.29"]
[Round "9"]
[White "Allemann,A"]
[Black "Agaragimov,D"]
[Result "1-0"]
[WhiteElo "2254"]
[BlackElo "2252"]
[EventDate "2003.06.22"]

1. e4 c5 2. c3 d5 3. exd5 Qxd5 4. d4 Nf6 5. Nf3 e6 6. Be2 Be7 7. O-O cxd4
8. cxd4 O-O 9. Nc3 Qd8 10. Ne5 Nbd7 11. Bf3 Nb6 12. Be3 Nfd5 13. Qb3 Rb8
14. Nxd5 Nxd5 15. Nc6 bxc6 16. Qxb8 Qa5 17. Rfd1 Ba6 18. Qxa7 Bd8 19. Bd2
Bb6 20. Bxa5 Bxa7 21. Rac1 Rc8 22. a4 Kf8 23. b4 Ne7 24. Rb1 Bc4 25. b5
cxb5 26. axb5 Bd5 27. b6 Bb8 28. Bxd5 Nxd5 29. b7 Re8 30. Rdc1 1-0

[Event "WJun"]
[Site "Nakhchivan AZE"]
[Date "2003.06.29"]
[Round "9"]
[White "Osttveit,M"]
[Black "Yilmaz,M"]
[Result "0-1"]
[WhiteElo "2084"]
[BlackElo "1941"]
[EventDate "2003.06.22"]

1. e4 c5 2. Nc3 Nc6 3. f4 g6 4. Nf3 Bg7 5. Bb5 Nd4 6. Bd3 d6 7. Nxd4 cxd4
8. Ne2 Nf6 9. O-O O-O 10. c3 dxc3 11. bxc3 Qb6+ 12. Kh1 Bd7 13. Bc2 Rac8
14. Qe1 Rfd8 15. d3 Qa6 16. Bd2 Bc6 17. Nd4 Nd7 18. f5 Nc5 19. Nxc6 Rxc6
20. d4 Nd7 21. Bb3 Nf6 22. Rf3 Rb6 23. g4 Rf8 24. g5 Nxe4 25. fxg6 hxg6 26.
Bxf7+ Rxf7 27. Rxf7 Kxf7 28. Qxe4 Rb2 29. Re1 Bf8 30. Qf4+ Ke8 31. a3 Qd3
32. Bc1 Qxc3 33. Qe4 Rc2 34. Bf4 Kd8 35. d5 Qc4 36. Qf3 Rc3 37. Be3 Bg7 38.
Kg1 Be5 39. Qf8+ Kd7 40. Qf7 Qg4+ 41. Kh1 Qe4+ 42. Kg1 Rxe3 43. Qe6+ Kd8
44. Qg8+ Kc7 45. Rc1+ Rc3 0-1

[Event "WJun"]
[Site "Nakhchivan AZE"]
[Date "2003.06.30"]
[Round "10"]
[White "Pantsulaia,L"]
[Black "Izoria,Z"]
[Result "1-0"]
[WhiteElo "2465"]
[BlackElo "2569"]
[EventDate "2003.06.22"]

1. d4 g6 2. c4 Bg7 3. Nf3 Nf6 4. g3 c5 5. d5 b5 6. cxb5 a6 7. bxa6 d6 8.
Nc3 Bxa6 9. Bg2 Nbd7 10. Rb1 O-O 11. O-O Qa5 12. h3 Rfb8 13. Qc2 Nb6 14.
Nd2 Bb7 15. e4 Nfd7 16. Nb3 Qa7 17. Bg5 Kf8 18. a4 Ba6 19. Na5 Ne5 20. Nc6
Nxc6 21. dxc6 Bxf1 22. Bxf1 Qa5 23. Bb5 Bxc3 24. bxc3 Nxa4 25. c4 Nc3 26.
Bd2 Ne2+ 27. Kh2 Nd4 28. Bxa5 Nxc2 29. c7 Rb7 30. Bc6 Rxc7 31. Bxa8 Ra7 32.
Rb8+ Kg7 33. Bc3+ 1-0

[Event "WJun"]
[Site "Nakhchivan AZE"]
[Date "2003.06.30"]
[Round "10"]
[White "Sadykov,R"]
[Black "Guseinov,K"]
[Result "0-1"]
[WhiteElo "2416"]
[BlackElo "2505"]
[EventDate "2003.06.22"]

1. e4 c5 2. Nf3 d6 3. Nc3 Nc6 4. d4 cxd4 5. Nxd4 Nf6 6. f3 g6 7. Be3 Bg7 8.
Qd2 O-O 9. Bc4 Bd7 10. O-O-O Rc8 11. Bb3 Nxd4 12. Bxd4 b5 13. Nd5 Nxd5 14.
Bxg7 Kxg7 15. Bxd5 a5 16. a3 Qb6 17. Kb1 f6 18. c3 Rc5 19. g4 Rb8 20. g5 b4
21. gxf6+ exf6 22. cxb4 axb4 23. axb4 Rb5 24. Qd4 Qd8 25. Rc1 Rxb4 26. Rc4
Rxb2+ 27. Qxb2 Rxb2+ 28. Kxb2 Qb6+ 29. Ka1 Qa7+ 30. Kb1 Qe3 31. Rhc1 Qb3+
32. Ka1 Qxf3 33. Rc7 Qa3+ 34. Kb1 Qb4+ 35. Ka1 Qa4+ 36. Kb2 Kh6 37. R1c4
Qb5+ 38. Kc1 Bh3 39. Bg8 Qg5+ 40. Kb2 Bd7 41. Ka3 Qa5+ 42. Kb2 Qe5+ 43. Kc1
Qe8 44. Bd5 Be6 45. Bxe6 Qxe6 46. Ra4 g5 47. Rc6 Qe5 48. Raa6 Qf4+ 49. Kd1
Qxe4 50. Rxd6 Qh1+ 0-1

[Event "WJun"]
[Site "Nakhchivan AZE"]
[Date "2003.06.30"]
[Round "10"]
[White "Mastrovasilis,D"]
[Black "Dziuba,M"]
[Result "1-0"]
[WhiteElo "2456"]
[BlackElo "2450"]
[EventDate "2003.06.22"]

1. e4 c5 2. Nf3 Nc6 3. d4 cxd4 4. Nxd4 Nf6 5. Nc3 e5 6. Ndb5 d6 7. Bg5 a6
8. Na3 b5 9. Bxf6 gxf6 10. Nd5 f5 11. Bd3 f4 12. c4 Nd4 13. cxb5 Bh6 14.
bxa6 Rg8 15. Nc2 Ne6 16. g3 Kf8 17. b4 Rg6 18. a4 Ng5 19. Ra3 Bh3 20. Rg1
Be6 21. a5 f5 22. exf5 Bxd5 23. Be2 Be4 24. fxg6 Qc7 25. gxh7 Bxh7 26. gxf4
Bxc2 27. Qd2 exf4 28. Rc3 Qg7 29. Kf1 Bf5 30. Qxd6+ Kg8 31. Qd5+ Kh7 32.
Qxf5+ Kh8 33. Rc8+ 1-0

[Event "WJun"]
[Site "Nakhchivan AZE"]
[Date "2003.06.30"]
[Round "10"]
[White "Schneider,Dm"]
[Black "Mahesh Chandran,P"]
[Result "1-0"]
[WhiteElo "2424"]
[BlackElo "2419"]
[EventDate "2003.06.22"]

1. e4 e5 2. Nf3 Nc6 3. Bb5 a6 4. Ba4 Nf6 5. O-O Be7 6. Re1 b5 7. Bb3 d6 8.
c3 O-O 9. h3 Na5 10. Bc2 c5 11. d4 Qc7 12. Nbd2 cxd4 13. cxd4 Bb7 14. d5
Rac8 15. Bb1 Nh5 16. Nf1 Nf4 17. Bxf4 exf4 18. Bd3 Bf6 19. Rb1 Nc4 20. Bxc4
Qxc4 21. Qd2 g5 22. N1h2 Qc2 23. Ng4 Bg7 24. Qb4 Qc5 25. Qxc5 Rxc5 26. Nxg5
h5 27. Nh2 Rc2 28. Nhf3 Bxb2 29. Red1 Bc3 30. a3 Ra2 31. Rb3 Rc8 32. h4 Bf6
33. Nh3 Rc3 34. Rxc3 Bxc3 35. e5 Ra1 36. Rxa1 Bxa1 37. exd6 Kf8 38. Nxf4
Bb2 39. Nxh5 Bxd5 40. Nd2 Be5 41. g4 Bxd6 42. Nf6 Be6 43. Nb1 Kg7 44. Ne8+
1-0

[Event "WJun"]
[Site "Nakhchivan AZE"]
[Date "2003.06.30"]
[Round "10"]
[White "Rohit,G"]
[Black "Kuparadze,G"]
[Result "1-0"]
[WhiteElo "2357"]
[BlackElo "2227"]
[EventDate "2003.06.22"]

1. e4 c5 2. Nf3 e6 3. d4 cxd4 4. Nxd4 a6 5. Bd3 Ne7 6. c4 Nec6 7. Nb3 d6 8.
Nc3 Nd7 9. a3 Qc7 10. Be2 g6 11. Be3 b6 12. Rc1 Nc5 13. Nd2 Bg7 14. b4 Nd7
15. Nb3 Qb8 16. O-O O-O 17. Qd2 Rd8 18. Rfd1 Bf8 19. f4 a5 20. b5 Nc5 21.
Qa2 Ne7 22. Nxc5 bxc5 23. Bxc5 Nd5 24. Nxd5 exd5 25. Be3 dxe4 26. c5 Be6
27. Qc2 dxc5 28. Qxe4 Re8 29. Qa4 Bf5 30. Kf2 Ra7 31. Bf3 Rae7 32. Re1 c4
33. Qxc4 Rxe3 34. Rxe3 Qb6 35. Qc3 Rc8 36. Bc6 Rd8 37. Kf3 Rd4 38. g3 Qd8
39. Rce1 h5 40. Kg2 h4 41. Re8 Qd6 42. b6 Rd3 43. Qc1 h3+ 44. Kh1 Bd7 45.
Bxd7 Qxd7 46. R8e4 Qb7 47. Qc4 Rd5 48. Kg1 Qxb6+ 49. Kf1 Qb7 50. Kf2 Rd2+
51. R1e2 Qb6+ 52. Kf3 Rd6 53. Kg4 Rc6 54. Qa2 Qg1 55. Re1 Qg2 56. R4e2 Re6
57. Rxg2 hxg2 58. Rg1 1-0

[Event "WJun"]
[Site "Nakhchivan AZE"]
[Date "2003.06.30"]
[Round "10"]
[White "Pacheco,M"]
[Black "Jatautis,D"]
[Result "0-1"]
[WhiteElo "2349"]
[BlackElo "2149"]
[EventDate "2003.06.22"]

1. d4 c5 2. d5 e6 3. Nc3 b5 4. Nxb5 Qa5+ 5. Nc3 Nf6 6. Bd2 Qb6 7. e4 Bb7 8.
Bc4 Nxe4 9. Nxe4 exd5 10. Bxd5 Bxd5 11. Qe2 Qe6 12. f3 Bc4 13. Qe3 d5 14.
Nf2 Bd6 15. Qxe6+ fxe6 16. Ngh3 O-O 17. b3 Ba6 18. O-O-O Nc6 19. Bc3 Rad8
20. Kb1 h6 21. Rhe1 Bc8 22. Nd3 Rf7 23. Ne5 Nxe5 24. Bxe5 Bf8 25. Nf4 Rb7
26. c4 Kf7 27. cxd5 exd5 28. Rxd5 Rxd5 29. Nxd5 c4 30. Kc2 cxb3+ 31. axb3
Be6 32. Rd1 Rb5 0-1

[Event "WJun"]
[Site "Nakhchivan AZE"]
[Date "2003.06.30"]
[Round "10"]
[White "Murariu,A"]
[Black "Kanep,M"]
[Result "1/2-1/2"]
[WhiteElo "2347"]
[BlackElo "2446"]
[EventDate "2003.06.22"]

1. e4 c5 2. Nc3 e6 3. Nf3 a6 4. d4 cxd4 5. Nxd4 b5 6. a3 Bb7 7. Be3 b4 8.
axb4 Bxb4 9. Bd3 Nf6 10. e5 Nd5 11. Bd2 Qc7 12. O-O Nxc3 13. bxc3 Bxc3 14.
Bxc3 Qxc3 15. Qg4 Nc6 16. Nxc6 Qxc6 17. Qxg7 O-O-O 18. f3 Rhg8 19. Qh6 Qc5+
20. Kh1 Qxe5 21. Qd2 Qg5 22. Qe2 Kc7 23. Rfb1 Bc6 24. Qf2 Kd6 25. Bxa6 Rb8
26. Bd3 Rxb1+ 27. Rxb1 h5 28. Be4 Bxe4 29. fxe4 Ke7 30. Rd1 f6 31. c4 h4
32. h3 Rg7 33. c5 Kf8 34. e5 f5 35. Qf3 Kg8 36. c6 dxc6 37. Qxc6 Kh8 38.
Rb1 Kh7 39. Rb7 Rxb7 40. Qxb7+ Kh6 41. Qc8 Qg6 42. Qd8 Kh5 43. Qd1+ Kh6 44.
Qd8 Qg3 45. Qf6+ Kh5 46. Qxe6 Qe1+ 47. Kh2 Qg3+ 48. Kh1 1/2-1/2

[Event "WJun"]
[Site "Nakhchivan AZE"]
[Date "2003.06.30"]
[Round "10"]
[White "Jirka,J"]
[Black "Geirnaert,S"]
[Result "1-0"]
[WhiteElo "2394"]
[BlackElo "2289"]
[EventDate "2003.06.22"]

1. d4 Nc6 2. Nf3 d5 3. g3 Bf5 4. Bg2 Nf6 5. c4 e6 6. O-O Be7 7. Nc3 Ne4 8.
Qb3 Nxc3 9. bxc3 Na5 10. Qa4+ c6 11. Nd2 O-O 12. e4 dxe4 13. Nxe4 Qb6 14.
Re1 Qa6 15. Bf1 Bxe4 16. Rxe4 c5 17. d5 Bf6 18. Bd2 e5 19. Rae1 b6 20. f4
exf4 21. Rxf4 Rad8 22. Rxf6 gxf6 23. Bh6 Qc8 24. Bxf8 Kxf8 25. Qc2 Kg7 26.
Qe4 Nb7 27. Bd3 Qh3 28. Rf1 Rd7 29. Rf4 Nd6 30. Qf3 1-0

[Event "WJun"]
[Site "Nakhchivan AZE"]
[Date "2003.06.30"]
[Round "10"]
[White "Kozak,L"]
[Black "Esplana,C"]
[Result "1/2-1/2"]
[WhiteElo "2178"]
[BlackElo "2367"]
[EventDate "2003.06.22"]

1. d4 Nf6 2. Nf3 e6 3. c4 c5 4. d5 b5 5. Bg5 Qa5+ 6. Qd2 b4 7. Qd3 Be7 8.
e4 d6 9. Be2 O-O 10. O-O exd5 11. exd5 Qd8 12. a3 Na6 13. a4 Bg4 14. Bc1
Nb8 15. h3 Bh5 16. Nh4 Bxe2 17. Qxe2 g6 18. Nf3 Nbd7 19. Qc2 Re8 20. Nbd2
Bf8 21. b3 Re2 22. Bb2 Qc7 23. Rae1 Rae8 24. Qd1 Rxe1 25. Rxe1 Qd8 26. Rxe8
Qxe8 27. Qe1 Qxe1+ 28. Nxe1 Bh6 29. Nef3 Kf8 30. Kf1 Ke7 31. Ke2 Nh5 32. g3
f5 33. Nf1 Nhf6 34. N3d2 Ne5 35. f4 Nf7 36. Ne3 Nd8 37. Kf3 Bg7 38. Nd1 Nb7
39. g4 fxg4+ 40. hxg4 h5 41. g5 Ne8 42. Bxg7 Nxg7 43. Ne3 Na5 44. Kg3 Kf7
45. Kh4 Ke7 1/2-1/2

[Event "WJun"]
[Site "Nakhchivan AZE"]
[Date "2003.06.30"]
[Round "10"]
[White "Deepan,C"]
[Black "Wang,H"]
[Result "1/2-1/2"]
[WhiteElo "2379"]
[BlackElo "2226"]
[EventDate "2003.06.22"]

1. Nf3 c5 2. Nc3 Nf6 3. e4 d6 4. d4 cxd4 5. Nxd4 a6 6. Bg5 e6 7. f4 Nc6 8.
Nxc6 bxc6 9. e5 h6 10. Bh4 g5 11. fxg5 Nd5 12. Ne4 Qb6 13. Qd2 Qxb2 14. Rd1
Qxe5 15. Bd3 hxg5 16. Bg3 Nf4 17. O-O Be7 18. Rde1 Qd4+ 19. Kh1 Nxd3 20.
cxd3 Rg8 21. Rb1 f5 1/2-1/2

[Event "WJun"]
[Site "Nakhchivan AZE"]
[Date "2003.06.30"]
[Round "10"]
[White "Hanley,C"]
[Black "Masse,H"]
[Result "1-0"]
[WhiteElo "2375"]
[BlackElo "2120"]
[EventDate "2003.06.22"]

1. e4 e5 2. Nf3 Nc6 3. Bb5 a6 4. Ba4 Nf6 5. O-O Nxe4 6. d4 b5 7. Bb3 d5 8.
dxe5 Be6 9. c3 Bc5 10. Nbd2 O-O 11. Qe1 Bf5 12. Nxe4 dxe4 13. Bc2 f6 14.
Bxe4 Bxe4 15. Qxe4 Nxe5 16. Nxe5 fxe5 17. Be3 Bxe3 18. Qxe3 Qf6 19. Rad1
Rad8 20. h3 Rd6 21. Qc5 Rfd8 22. Rde1 Qf7 23. Rxe5 Qxa2 24. Re7 Rd1 25.
Rxd1 Rxd1+ 26. Kh2 Qd5 27. Re8+ Kf7 28. Qf8+ Kg6 29. Re7 Kh5 30. Qxg7 Qd6+
31. Re5+ 1-0

[Event "WJun"]
[Site "Nakhchivan AZE"]
[Date "2003.06.30"]
[Round "10"]
[White "Gashimov,S"]
[Black "Safarli,E"]
[Result "0-1"]
[WhiteElo "2317"]
[BlackElo "2201"]
[EventDate "2003.06.22"]

1. d4 e6 2. e4 c5 3. c3 b6 4. Nf3 Bb7 5. Bd3 g6 6. O-O Bg7 7. Bg5 Ne7 8.
Nbd2 O-O 9. e5 cxd4 10. cxd4 h6 11. Bh4 g5 12. Bg3 Nf5 13. Be4 Bxe4 14.
Nxe4 Nc6 15. h3 b5 16. Re1 Qb6 17. d5 Nce7 18. d6 Ng6 19. Bh2 Rac8 20. Rc1
Rc6 21. b4 Rxc1 22. Qxc1 Nd4 23. Qe3 Nc2 24. Qxb6 axb6 25. Rb1 Rc8 26. Rc1
Rc6 27. a3 Nxb4 28. Rd1 Nd3 29. Nf6+ Bxf6 30. exf6 Rc5 31. Kf1 Nb2 32. Rb1
Nc4 33. Rb3 Rd5 34. Ke1 Nf4 35. Bxf4 gxf4 36. Rb4 e5 37. a4 e4 38. Ng1 Nxd6
39. Ne2 f3 40. gxf3 exf3 41. Ng3 bxa4 42. Rxa4 b5 43. Rg4+ Kf8 44. Rh4 Re5+
45. Kd1 h5 46. Rd4 Re6 47. Nxh5 Ne4 48. Kc2 Nxf2 49. Rxd7 Ne4 50. Rd8+ Re8
51. Rd1 Rc8+ 52. Kb3 f2 53. Kb4 Rc4+ 54. Ka5 Kg8 55. Rf1 b4 56. Nf4 b3 57.
Nd3 Rc2 58. Nb4 Nd2 0-1

[Event "WJun"]
[Site "Nakhchivan AZE"]
[Date "2003.06.30"]
[Round "10"]
[White "Gupta,A"]
[Black "Monroy,C"]
[Result "1-0"]
[WhiteElo "2335"]
[BlackElo "2294"]
[EventDate "2003.06.22"]

1. d4 d5 2. c4 Nc6 3. cxd5 Qxd5 4. e3 e5 5. Nc3 Bb4 6. Bd2 Bxc3 7. Bxc3
exd4 8. Ne2 Nf6 9. Nxd4 O-O 10. Nxc6 Qxc6 11. Be2 Bf5 12. O-O Rfd8 13. Bd4
Qd6 14. Qc1 b6 15. b4 Nd5 16. a3 a5 17. b5 Rac8 18. Qb2 Qg6 19. Rac1 Rd6
20. Rfd1 Rcd8 21. Be5 R6d7 22. Bg3 h5 23. Rc6 f6 24. Rd4 Kh7 25. h3 Ne7 26.
Rcc4 Be6 27. Bd3 Bf5 28. e4 Be6 29. Rxd7 Rxd7 30. Rd4 Bxh3 31. gxh3 Rxd4
32. Qxd4 h4 33. e5 Nf5 34. Qg4 1-0

[Event "WJun"]
[Site "Nakhchivan AZE"]
[Date "2003.06.30"]
[Round "10"]
[White "Olsson,L"]
[Black "Allemann,A"]
[Result "0-1"]
[WhiteElo "2252"]
[BlackElo "2254"]
[EventDate "2003.06.22"]

1. d4 Nf6 2. c4 c5 3. d5 e6 4. Nc3 exd5 5. cxd5 d6 6. g3 g6 7. Bg2 Bg7 8.
Nf3 O-O 9. O-O Re8 10. Nd2 Ng4 11. h3 Ne5 12. f4 Ned7 13. e4 Na6 14. e5
dxe5 15. f5 Nf6 16. fxg6 hxg6 17. Nde4 Nxe4 18. Nxe4 f5 19. Bg5 Qb6 20. d6
c4+ 21. Kh1 Bd7 22. Nf6+ Bxf6 23. Bxf6 Kf7 24. Be7 Bc6 25. Rxf5+ Kg7 26.
Bf6+ Kg8 27. Bd5+ Re6 28. Rxe5 Nb4 29. d7 Nxd5 0-1

[Event "WJun"]
[Site "Nakhchivan AZE"]
[Date "2003.06.30"]
[Round "10"]
[White "Azarov,S"]
[Black "Ganguly,S"]
[Result "1-0"]
[WhiteElo "2530"]
[BlackElo "2542"]
[EventDate "2003.06.22"]

1. e4 e5 2. Nf3 Nc6 3. Bb5 a6 4. Ba4 Nf6 5. O-O b5 6. Bb3 Bc5 7. a4 Rb8 8.
c3 d6 9. d4 Bb6 10. Na3 O-O 11. axb5 axb5 12. Nxb5 exd4 13. cxd4 Bg4 14.
Bc2 d5 15. e5 Ne4 16. Be3 Nxe5 17. dxe5 Bxe3 18. fxe3 Rxb5 19. Bxe4 dxe4
20. Qxd8 Rxd8 21. Nd4 Rxb2 22. Nc6 Re8 23. Ra7 Be2 24. Rc1 h5 25. Rxc7 Re6
26. h4 Bd3 27. Rc5 Ra2 28. Ne7+ Kh7 29. Nd5 Rxe5 30. Rxf7 Ra1+ 31. Kh2 Rf1
32. Rfc7 Rff5 33. Nf6+ Kg6 34. Nd7 Rxc5 35. Nxc5 Re5 36. Nb3 Rf5 37. Nd4
Rf6 38. Re7 Rf1 39. Kg3 Kf6 40. Re6+ Kf7 41. Rc6 Re1 42. Kf4 Rf1+ 43. Kg3
Re1 44. Rc7+ Kf6 45. Rc6+ Kf7 46. Kf4 Rf1+ 47. Ke5 Rf2 48. Rc7+ Kg8 49. g3
Rf3 50. Rc8+ Kf7 51. Rc7+ Kg8 52. Nf5 Kh8 53. Rc8+ Kh7 54. Rc7 Kh8 55. Nxg7
Rxe3 56. Nxh5 Rf3 57. Rc8+ Kh7 58. Nf6+ Kg7 59. Rc7+ Kf8 60. Ke6 Bc4+ 61.
Rxc4 Kg7 62. Rc7+ Kg6 63. h5+ 1-0

[Event "WJun"]
[Site "Nakhchivan AZE"]
[Date "2003.06.30"]
[Round "10"]
[White "Erenburg,S"]
[Black "Zubov,A UKR"]
[Result "1-0"]
[WhiteElo "2499"]
[BlackElo "2494"]
[EventDate "2003.06.22"]

1. e4 d6 2. d4 Nf6 3. Nc3 g6 4. Be3 c6 5. h3 Bg7 6. f4 O-O 7. Nf3 Na6 8.
Bxa6 bxa6 9. O-O Rb8 10. b3 Bb7 11. e5 Nd5 12. Nxd5 cxd5 13. Ne1 f6 14. Nd3
Rc8 15. Rc1 Qa5 16. exd6 exd6 17. f5 g5 18. h4 h6 19. Qh5 Qc7 20. Nf2 Qf7
21. Qf3 Rc3 22. Nd1 Rc7 23. Bd2 Re7 24. Nf2 Rfe8 25. Rfe1 Bc8 26. Rxe7 Rxe7
27. Re1 Rxe1+ 28. Bxe1 h5 29. g4 gxh4 30. gxh5 Qd7 31. Qxd5+ Kh7 32. Qe4
Qxf5 33. Qxh4 Qxc2 34. Qg3 d5 35. Qd3+ Bf5 36. Qxa6 Qd1 37. Nxd1 1-0